| 000 | 00366 a2200145 4500 | ||
|---|---|---|---|
| 001 | 93136 | ||
| 020 | _a978-0-47064613-7 | ||
| 082 | _a510.2462/KRE | ||
| 090 |
_c44718 _d44719 |
||
| 100 | _aKreyszig, Erwin | ||
| 245 |
_aAdvance Engineering Mathematics,10th Ed _hEnglish |
||
| 250 | _a10 | ||
| 260 |
_aNew York _bJohn Willey _c2011 |
||
| 300 | _axiii,1133p. | ||
| 942 |
_aCAE NUST _k510.2462 KRE _cMS |
||
| 999 |
_c328209 _d328209 |
||